000 02650nam a2200265 a 4500
003 DO-SdBNP
005 20220901123832.0
007 ta
008 220831e1951 dr ||||gr|||| 001 e spa d
040 _aDO-SdBNP
_bspa
_cBNPHU
082 4 _222
_bR457d
100 1 _93382
_aReyes, Felix
245 1 0 _aDescripción Histórica de las antiguas haciendas, estancias y hatos, que durante la era colonial española, , existieron en el partido de los ingenios de nigua, hoy San Cristobal:
_baño 1950. /
_cFelix Reyes.
260 _aCiudad Trujillo :
_bMontalvo,
_c1951
300 _a128 p. ;
_c22 cm.
505 _aAdvertencia.
505 _tLa antigua Hacienda de San Cristóbal.--
_tLa antigua Hacienda de Yamán.--
_tLa antigua Hacienda de El Pedregar.--
_tLa antigua Hacienda de Fundaciónl.--
_tLa antigua Hacienda de Samangolal.--
_tLa antigua Hacienda de San Gregorio de Nigua.--
_tLa antigua Hacienda de Boca Nigua--
_tLa antigua Hacienda de Hitabo.--
_tLa antigua Hacienda de Sabana Botana.--
_tLa antigua Hacienda de Árbol Gordo.--
_tLa antigua Hacienda de Parra.--
_tLa antigua Hacienda de Villegas.--
_tLa antigua Hacienda de Cambita Sterling.--
_tLa antigua Hacienda de Cambita Pineda.--
_tLa antigua Hacienda de Camba Arriba.--
_tLa antigua Hacienda de Camba Abajo.--
_tLa antigua Hacienda de San Miguel de la Jagua.--
_tLa antigua Hacienda de San Sebastián de Cumba.--
505 _tLa antigua Estancia de San Miguel de Boruga.--
_tLa antigua Estancia de El Cacagual.--
_tLa antigua Estancia de San Miguel.--
_tLa antigua Estancia de Buena Vista.--
_tLa antigua Estancia de Samangola.--
_tLa antigua Estancia de San Isidro.--
_tLa antigua Estancia de Sainagúa.--
_tLa antigua Estancia de Nigua.--
_tLa antigua Estancia de Buenaventura.--
_tLa antigua Estancia de Doña Ana.--
_tLa antigua Estancia de Sabana Toro.--
_tLa antigua Estancia de Cambita.--
_tLa antigua Estancia de Caña Boba.--
_tLa antigua Estancia de El guayabal.--
505 _t El antiguo Hato del Yaguate.--
_tEl antiguo Hato de Sabana Grande de Palenque.--
_tEl antiguo Hato del Mayorazgo de Bastida.--
_tLos antiguos Hatos de Boca Nigua.--
_tEl antiguo Hato de Boca Nigua.--
_tEl antiguo Hato de La Buenaventura.--
_tEl antiguo Hato del Yaguate
_tEl antiguo Hato de los Montones.--
_tEl antiguo Hato de las Damas.--
_tEl antiguo Hato de Hatillo de Parra.--
_tAclaración.--
_tLa Toma.--
_tLa Canalización del Arroyo Bartolo.--
_tLa pequeñas ruinas de Najayo Arriba.--
590 _aInventariado 2022 / MF
650 4 _957564
_aSan Cristóbal
_vHistoria
_zRepública Dominicana
651 4 _978823
_aRepública Dominicana
_xSan Cristóbal (provincia)
_xHistoria
910 _aMFeliz
942 _2ddc
_cLBS1
999 _c52353
_d52353